| 000 | 01437nam a2200445 i 4500 | ||
|---|---|---|---|
| 001 | 25615 | ||
| 003 | KOSZ 005 | ||
| 005 | 20191010083339.0 | ||
| 008 | 070804s1972 pl a f |000 0 pol | ||
| 015 | _aPB 1972/2015 | ||
| 035 | _a(OCoLC)749339334 | ||
| 040 |
_aWA N _cWA N _dKOSZ 005/HR |
||
| 041 | 1 |
_apol _hger |
|
| 046 | _k1972 | ||
| 080 | _a697 | ||
| 080 | _a628.8 | ||
| 245 | 0 | 0 |
_aOgrzewanie i wentylacja / _c[redakcja naukowa Leszek Buczkowski]. |
| 260 |
_aWarszawa : _b"Arkady", _c1972. |
||
| 300 |
_a315, [1] stron : _bilustracje ; _c24 cm. |
||
| 336 |
_aTekst _btxt _2rdacontent |
||
| 337 |
_aBez urządzenia pośredniczącego _bn _2rdamedia |
||
| 338 |
_aWolumin _bnc _2rdacarrier |
||
| 380 | _aKsiążki | ||
| 380 | _aPublikacje naukowe | ||
| 388 | _a1901-2000 | ||
| 388 | _a1945-1989 | ||
| 490 | 1 |
_aNowa Technika w Inżynierii Sanitarnej ; _v2. |
|
| 504 | _aBibliografia przy rozdziałach. | ||
| 546 | _aTekst częśc. tł. z niem. | ||
| 658 | _aInżynieria i technika | ||
| 650 | 4 | _aSieć cieplna | |
| 650 | 4 | _aOgrzewanie | |
| 650 | 4 | _aKlimatyzacja | |
| 650 | 4 | _aWentylacja | |
| 700 | 1 |
_aBuczkowski, Leszek. _eRedakcja |
|
| 710 | 2 |
_aWydawnictwo "Arkady". _4pbl. |
|
| 830 | 0 |
_aNowa Technika w Inżynierii Sanitarnej ; _v2. |
|
| 856 |
_uhttp://koha.tu.koszalin.pl/cgi-bin/koha/opac-detail.pl?biblionumber=25615 _yKatalog online BPK |
||
| 942 |
_2UKD _cKS |
||
| 999 |
_c25615 _d25615 |
||